Best Soccer players 2021 - Statistics

General Stats
  • This quiz has been taken 469 times
    462 since last reset
  • The average score is 65 of 100
Answer Stats
Hints Answer % Correct
Argentina, FC Barca Messi
100%
Portugal, Juventus Ronaldo
99%
France, PSG Mbappe
98%
Brazil, PSG Neymar
97%
Egypt, Liverpool Salah
97%
Poland, Bayern Munich Lewandowski
96%
Belguim, Man City Kevin de Bruyne
95%
Senegal, Liverpool Mane
94%
Norway, Borussia Dortmund Haaland
93%
England, Tottenham Kane
93%
South Korea, Tottenham Son
91%
France, Real Madrid Benzema
89%
Germany, Bayern Munich Muller
89%
Portugal, Man United Bruno Fernandes
88%
Belgium, Inter Milan Lukaku
88%
Netherlands, Liverpool Van Dijk
88%
Uruguay, Athletico Madrid Suarez
87%
Spain, Real Madrid Ramos
86%
Germany, Bayern Munich Neuer
85%
Canada, Bayern Munich Davies
84%
Sweden, A.C. Milan Ibrahimovic
82%
Germany, Real Madrid Kroos
82%
Germany, Bayern Munich Kimmich
81%
Slovenia, Athletico Madrid Oblak
79%
Austria, Bayern Munich Alaba
77%
Brazil, Liverpool Alisson
77%
Netherlands, Barca De jong
77%
Argentina, PSG Angel Di Maria
76%
Portugal, Man City Bernardo Silva
75%
Italy, Lazio Immobile
75%
Brazil, Chelsea Thiago Silva
75%
England, Leicester City Vardy
75%
Brazil, Liverpool Firmino
74%
Croatia, Real Madrid Modric
74%
Scotland, Liverpool Robertson
73%
Germany, Barca Ter Stegen
73%
England, Liverpool Henderson
72%
Belgium, Real Madrid Courtois
71%
Belguim, Real Madrid Hazard
68%
Portugal, Athletico Madrid Joao Felix
68%
England, Man United Rashford
68%
England, Borussia Dortmund Sancho
68%
Germany, Bayern Munich Sane
68%
Gabon, Arsenal Aubameyang
67%
Netherlands, Juventus De Ligt
67%
Germany, Bayern Munich Gnabry
67%
Spain, Sevilla Jesus Navas
67%
Algeria, Man City Mahrez
67%
Costa Rica, PSG Navas
67%
Spain, Liverpool Thiago
67%
Brazil, Liverpool Fabinho
66%
Germany, Chelsea Werner
66%
Argentina, Man City Aguero
65%
Argentina, Juventus Dybala
65%
Morocco, Chelsea Ziyech
65%
Germany, Chelsea Havertz
64%
Morocco, Inter Milan Hakimi
63%
Brazil, PSG Marquinhos
63%
Brazil, Real Madrid Casemiro
61%
France, Bayern Munich Coman
61%
Germany, Bayern Munich Goretzka
61%
England, Man City Sterling
61%
England, Liverpool Alexander-Arnold
60%
Brazil, Man City Ederson
60%
England, Man City Foden
60%
Senegal, Napoli Koulibaly
59%
Portugal, Liverpool Diogo Jota
58%
Argentina, Inter Milan Martinez
58%
Uruguay, Real Madrid Valverde
57%
France, Barca Griezmann
56%
France, Tottenham Lloris
54%
Spain, Barca Pique
54%
England, Aston Villa Grealish
53%
Belgium, Napoli Mertens
53%
Brazil, Everton Richarlison
53%
Argentina, Sevilla Gomez
51%
Colombia, Atalanta Zapata
48%
Spain, Juventus Morata
47%
Poland, Juventus Szczesny
47%
Netherlands, Liverpool Wijnaldum
47%
Mexico, Wolves Jimenez
46%
France, Leipzig Upamecano
46%
Italy, A.C. Milan Donnarumma
44%
France, Man City Laporte
43%
Italy, Juventus Chiesa
39%
Austria, Leipzig Sabitzer
39%
Brazil, Barca Coutinho
38%
Slovenia, Atalanta Ilicic
38%
Italy, Inter Milan Barella
37%
France, Rennes Camavinga
37%
France, Monaco Ben Yedder
34%
Germany, Atalanta Gosens
33%
Spain, Lazio Luis Alberto
33%
Spain, Man City Ferran Torres
32%
Spain, Barca Ansu Fati
31%
England, Everton Calvert Lewin
31%
Spain, Athletico Madrid Llorente
29%
Argentina, Sevilla Ocampos
29%
Argentina, Al Shabab Banega
24%
France, Lyon Aouar
23%
No matching quizzes found
Score Distribution
Percent of People with Each Score
Percentile by Number Answered
Your Score History
You have not taken this quiz since the last reset